Statistiche per Scuderie Formula 1 2023

Clicka qui per fare il quiz!

Statistiche generali

  • Questo quiz è stato fatto 142 volte
  • Il punteggio medio è 9 su 10

Statistiche sulle risposte

Scuderia% Corretto
Scuderia Ferrari
100%
Oracle Red Bull Racing
98%
Mercedes-AMG PETRONAS F1 Team
97%
McLaren F1 Team
95%
Aston Martin Aramco Cognizant F1 Team
90%
Alfa Romeo F1 Team Stake
87%
Scuderia AlphaTauri
85%
Williams Racing
84%
MoneyGram Haas F1 Team
81%
BWT Alpine F1 Team
78%

Distribuzione punteggi

Percentile per numero di risposta

Percentuale di utenti per punteggio

I tuoi punteggi nel tempo

Non hai fatto questo quiz